عرض عادي
عرض مارك
- Draper, Brian
مدخل إسم شخص
001 - رقم الضبط
- حقل الضبط: 45068
003 - معرف رقم الضبط
- حقل الضبط: OSt
005 - تاريخ ووقت أخر عملية
- حقل الضبط: 20140514170819.0
008 - عناصر بيانات ثابتة الطول
- حقل تحكم ثابت الطول: 140514|||a|||||| | ||| d
040 ## - مصدر الفهرسة
- هيئة الفهرسة الأصلية: OSt
- وكالة الكتابة: OSt
100 ## - مدخل -- أسم شخص
- إسم شخص: Draper, Brian
670 ## - بيانات المصدر موجوده
- الاستشهاد بالمصدر: Work cat.: (OSt)0: Draper, Brian, Understanding alzheimer's disease and other dementias /, 2013
